Statistics for All Time NHL Goal Scorers (Czech Rep.) Top 10

Click here to take the quiz!

General Stats

  • This quiz has been taken 438 times
  • The average score is 4 of 10

Answer Stats

HintAnswer% Correct
705Jaromir Jagr
100%
393Patrick Elias
61%
372Milan Hejduk
40%
257Martin Straka
39%
310Petr Nedved
28%
326Bobby Holik
27%
323Petr Sykora
27%
261Robert Lang
26%
255Vinny Prospal
23%
313Petr Klima
13%

Score Distribution

Percentile by Number Answered

Percent of People with Each Score

Your Score History

You have not taken this quiz